000 01161nam a2200229Ia 4500
999 _c52976
_d52976
001 20007
003 GE_BSU
005 20250410165228.0
008 181216s2008||||ge |||||||||||||| ||geo||
040 _cGE_BSU
041 _ageo
080 _a342.8(479.22)(094.4) ს-32
245 _aსაქართველოს ორგანული კანონი საქართველოს საარჩევნო კოდექსი :
_bცვლილებებითა და დამატებებით 2008 წლის 1 მაისამდე.
264 _aთბილისი :
_bბონა კაუზა,
_c2008.
300 _a220 გვ. ;
_c21 სმ.
490 _aიურისტის ბიბლიოთეკა
541 _h5ლ.
653 _aვლილებებითა და დამატებებით 2008წლის 1 მაისამდე
653 _aსამართალი
653 _aსაქართველოს ორგანული კანონი საქართველოს საარჩევნო კოდექსი
942 _cBK
_2udc